[Event "Montreal Quebec U1600 op"]
[Site "Montreal"]
[Date "1989.07.29"]
[Round "8"]
[White "Nataf, Paul"]
[Black "Michaud, Jacques"]
[Result "1-0"]
[WhiteElo "1611"]
[BlackElo "1448"]
[PlyCount "103"]
[EventDate "1989.07.22"]
[EventType "tourn"]
[EventRounds "8"]
[EventCountry "CAN"]
[SourceTitle "EXT 2022"]
[Source "ChessBase"]
[SourceDate "2021.10.06"]
[SourceVersion "1"]
[SourceVersionDate "2021.10.06"]
[SourceQuality "1"]

1. e4 c5 2. Nf3 d6 3. c4 Nf6 4. Nc3 g6 5. d4 cxd4 6. Nxd4 Bg7 7. Be2 0-0 8. Be3 Nbd7 9. Qd2 Nc5 10. f3 Qa5 11. a3 Ne6 12. b4 Qc7 13. Rd1 Nxd4 14. Bxd4 Bd7 15. Bxf6 Bxf6 16. Nd5 Qd8 17. Nxf6+ exf6 18. Qxd6 Ba4 19. Qxd8 Rfxd8 20. Rd5 Bb3 21. Kd2 Rac8 22. Kc3 Rxd5 23. exd5 Bxc4 24. Bxc4 b5 25. Kd3 Rxc4 26. Re1 Kf8 27. Re4 Rxe4 28. fxe4 Ke7 29. Kd4 Kd6 30. g3 h6 31. h3 h5 32. g4 hxg4 33. hxg4 g5 34. Ke3 Ke5 35. Kd3 Kd6 36. Kd4 Kd7 37. Kc5 a6 38. Kb6 Kd6 39. Kxa6 f5 40. exf5 Kxd5 41. Kxb5 Ke4 42. a4 Kf4 43. a5 Kxg4 44. a6 Kxf5 45. a7 g4 46. a8Q Kf4 47. Qb8+ Kg5 48. Qd8+ f6 49. Qd2+ Kf5 50. Qe3 Kg6 51. Kc4 f5 52. Kd5 1-0